| 000 | 00518nam a22001697a 4500 | ||
|---|---|---|---|
| 999 |
_c25438 _d25438 |
||
| 003 | BDDh-ASL | ||
| 005 | 20231015030504.0 | ||
| 008 | 210716s1943 e ||||| |||| 00| 0 eng d | ||
| 040 |
_aBDDh-ASL _cBDDh-ASL |
||
| 082 |
_a941 _bWAN |
||
| 100 | 1 |
_94196 _aWarner, George Townsend |
|
| 245 | 1 | 4 |
_aThe new groundwork of British History : _bThe new "Warner and Marten" / |
| 260 |
_aLondon: _bBlackie and Son Limited, _c1943. |
||
| 300 |
_a410 p. : _c21 cm. |
||
| 651 | 0 |
_94197 _aGreat Britain _xHistory |
|
| 942 |
_2ddc _cBK |
||